Código Procesal Penal de la Provincia de Buenos Aires : Análisis doctrinal y jurisprudencial. Tomo 1 /

Artículos 1 - 265 bis. Disposiciones generales: Garantías constitucionales - Actos procesales - Partes del proceso - Medidas de coerción - Nulidades - valoraación de la prueba - La Prueba

Guardado en:
Otros Autores: Schiavo, Nicolás (comentarios)
Formato: Libro
Idioma:Spanish
Publicado: Buenos Aires : Hammurabi, 2015
Edición:2a. ed.
Materias:
Etiquetas: Agregar Etiqueta
Sin Etiquetas, Sea el primero en etiquetar este registro!
LEADER 00755nam a22001695a 4500
001 DER.der013353
008 180615s2015####ag#||||||||||||||#||spa||
005 20251113165546.0
245 1 0 |a Código Procesal Penal de la Provincia de Buenos Aires :  |b Análisis doctrinal y jurisprudencial.  |n Tomo 1 /  |c Nicolás Schiavo. 
250 |a 2a. ed. 
260 |a Buenos Aires :  |b Hammurabi,  |c 2015 
300 |a 999 p. 
520 |a Artículos 1 - 265 bis. Disposiciones generales: Garantías constitucionales - Actos procesales - Partes del proceso - Medidas de coerción - Nulidades - valoraación de la prueba - La Prueba 
020 |a 9789507416965 
700 1 |a Schiavo, Nicolás  |e comentarios 
650 7 |a DERECHO PROCESAL PENAL 
859 |a DERECHO  |b BIB. DERECHO  |h 347.05  |i ARG  |p 008287